000 00559nam a22001817a 4500
999 _c7353
_d7353
001 4249
003 BD-DhUAP
005 20210119153809.0
008 210119s1989 bg ||||| |||| 00| 0 eng d
040 _aBD-DhUAP
_bEng
_cBD-DhUAP
_dBD-DhUAP
082 _223
_a378.1 REP
245 _aReport on the national training workshop on academic staff development :
_b20-30, November, 1989.
260 _aDhaka :
_bUGC,
_c1989.
300 _a44 pages ;
_c28 cm.
650 _aEducation
_vReport.
711 _aUniversity Grants Commission of Bangladesh.
942 _2ddc
_cBK